000 00316nam a22001337a 4500
008 180124b xxu||||| |||| 00| 0 eng d
020 _a9780618528509
041 _aeng
080 _a54
100 _a12
101 _aKIM
245 _aStudent solutions guide to accompany chemistry
_cHummel,TH.J
942 _2udc
_cBK
999 _c40822
_d40822